000 00676nam a2200229 a 4500
001 BRCA_4043
005 20190320204526.0
008 110210s1836----uk-a######---#000-0#eng-#
041 _aeng
044 _aUk
050 4 _aF1213
_b.L38 1836
100 1 _aLatrobe, Charles Joseph
_d1801-1875.
_910494
245 1 0 _aThe Rambler in Mexico
_bMDCCCXXXIV
_cby Charles Joseph Latrobe.
260 _aLondres
_bR.B. Seeley & W. Burnside
_c1836
300 _a307 p.
_bil., mapas
_c20 cm.
500 _aCEF40
650 1 4 _aViajeros ingleses
_97018
651 4 _aMéxico
_xDescripción y viajes
_9103
651 4 _aMéxico (Ciudad)
_xDescripción
_96858
902 _aGFM
942 _2lcc
_cB
999 _c3767
_d3767